| 000 | 00348nam a22001337a 4500 | ||
|---|---|---|---|
| 020 | _a812191924-X | ||
| 082 |
_a500 _bAGG/Q |
||
| 100 | _aJC AGGARWAL, NK CHOWDHRY | ||
| 245 |
_aS.CHAND'S QUESTION BANK IN SOCIAL SCIENCES _bCLASS IX |
||
| 260 |
_aDELHI _bS.CHAND & CO _c2004 |
||
| 300 | _a320 | ||
| 650 |
_aSOCIAL SCIENCE FOR CLASS IX _zINDIA |
||
| 942 | _cBK | ||
| 999 |
_c936 _d936 |
||